Nr. 1 Hits in Deutschland 2010 - Statistiken

Allgemein
  • Dieses Quiz wurde 77 mal gespielt
  • Das Durchschnittsergebnis liegt bei 7 aus 13
Antwortstatistiken
Wochen auf Platz 1 Lied Interpret % Korrekt
6 Wochen Waka Waka(This Time for Africa) Shakira feat. Freshlyground
93%
6 Wochen Satellite Lena Meyer-Landrut
92%
1 Woche Bad Romance Lady Gaga
88%
6 Wochen Tik Tok Kesha
72%
2 Wochen Love the Way You Lie Eminem feat. Rihanna
67%
2 Wochen Alors on danse Stromae
53%
2 Wochen I Will Love You Monday (365) Aura Dione
39%
12 Wochen Somewhere over the Rainbow Israel Kamakawiwoʻole
39%
3 Wochen Wavin’ Flag K’naan
35%
3 Wochen I like Keri Hilson
31%
1 Woche We Are the People Empire of the Sun
17%
7 Wochen We No Speak Americano Yolanda Be Cool & DCUP
15%
4 Wochen Don’t Believe Mehrzad Marashi
11%
Keine übereinstimmenden Quizze gefunden
Verteilung der Resultate
Anzahl Personen mit jedem Resultat
Perzentil nach korrekt beantworteten Fragen
Ihre Resultats-Entwicklung
Sie haben dieses Quiz noch nicht gespielt